00889cam a2200241Ka 4500999001500000001000900015003000600024005001700030008004100047040002500088082001500113090002600128240004500154245005200199250002000251260003900271300002500310504004000335505011300375630002700488942001200515952012000527 c7305d730557545915OCoLC20190207120456.0050201s2005 nyu b 000 0 eng  aSPBcSPBdOCLCQdOSS a230bR845O aBS1192.5b.R3132 200510aTheologie des Alten Testaments.lEnglish10aOld Testament theology /cbY wOLFGANG M.W Roth. aPrince Press ed aPeabody, MA :bPrince Press,c2005 a2 v. in one ;c24 cm aIncludes bibliographical references0 av. 1. The theology of Israel's historical traditions. -- v. 2. The theology of Israel's prophetic traditions00aBible.pO.T.xTheology 2ddccBK 00102ddc40708NFICaHMCbHMCcGENd2019-02-07g850.00l0o230 R845Op008322r2019-02-07 00:00:00w2019-02-07yBK